Central Library OPAC University of Rajshahi

East Asia : (Record no. 26404)

MARC details
000 -LEADER
fixed length control field 00825nam a2200241 4500
001 - CONTROL NUMBER
control field 26404
003 - CONTROL NUMBER IDENTIFIER
rucl marc code BD-RjUL
005 - DATE AND TIME OF LATEST TRANSACTION
control field 20211209051019.0
008 - FIXED-LENGTH DATA ELEMENTS--GENERAL INFORMATION
fixed length control field 140322s1960 enkabcd b u001 eng
035 ## - SYSTEM CONTROL NUMBER
System control number (BD-RjUL)26474
040 ## - CATALOGING SOURCE
Original cataloging agency NUWS:W
Language of cataloging eng
Transcribing agency LC
Modifying agency ANL
-- BD-RjUL
041 ## - LANGUAGE CODE
Language code of text/sound track or separate title eng
082 00 - DEWEY DECIMAL CLASSIFICATION NUMBER
Classification number 950
Author mark and year REE 1960
100 1# - MAIN ENTRY--PERSONAL NAME
Personal name Reischauer, Edwin O.
Fuller form of name (Edwin Oldfather),
Dates associated with a name 1910-1990.
9 (RLIN) 81189
245 10 - TITLE STATEMENT
Title East Asia :
Remainder of title the great tradition /
Statement of responsibility, etc. Edwin O. Reischauer, John K. Fairbank.
260 ## - PUBLICATION, DISTRIBUTION, ETC. (IMPRINT)
Place of publication, distribution, etc. London :
Name of publisher, distributor, etc. Allen & Unwin,
Date of publication, distribution, etc. c1960.
300 ## - PHYSICAL DESCRIPTION
Pagination xiv, 739 p. :
Illustrations ill., maps, ports., charts ;
Size 25 cm.
504 ## - BIBLIOGRAPHY, ETC. NOTE
Bibliography, etc Bibliography: p.679-686 and index.
651 #0 - SUBJECT ADDED ENTRY--GEOGRAPHIC NAME
Geographic name East Asia
General subdivision History.
9 (RLIN) 78413
700 1# - ADDED ENTRY--PERSONAL NAME
Personal name Fairbank, John King,
Dates associated with a name 1907-
942 ## - ADDED ENTRY ELEMENTS (KOHA)
Source of classification or shelving scheme Dewey Decimal Classification
Koha item type Books
Holdings
Lost status Source of classification or shelving scheme Damaged status Not for loan Collection code Permanent Location Current Location Shelving location Date acquired Source of acquisition Cost, normal purchase price Total Checkouts Full call number Date last seen Copy number Koha item type
  Dewey Decimal Classification   Added to bundle Non-fiction Central Library, University of Rajshahi Central Library, University of Rajshahi Reading Room 05/07/1968 Sweets & Zeitlinger. 78.00   950 REE 1960 22/03/2014 C-1 Books
  Dewey Decimal Classification     Non-fiction Central Library, University of Rajshahi Central Library, University of Rajshahi   05/07/1968 Sweets & Zeitlinger 78.00   950 REE 1960 22/03/2014 C-2 Books